• 首页
  • 本馆介绍
  • 公告通知
  • 最新文献
  • 馆藏检索
  • 电子资源
  • 读者导购
  • 参考咨询
  • 我的图书馆
  • 登录
  • 详细信息显示
  • 放入我的书架
  • 预约/预借图书
  • 作者相关作品
  • 分类相关作品
  • 丛书相关作品
  • 出版社相关作品

书目信息

  • 表格格式
  • 工作单格式
  • 卡片格式
题名:
医学机能学实验教程
    
 
作者: 邱相君 , 李玉明 主编
分册:  
出版信息: 武汉   华中科技大学出版社  2019
页数: 162页
开本: 26cm
丛书名:
单 册:
中图分类: R-33
科图分类:
主题词: 实验医学--医学院校--教材
电子资源:
ISBN: 978-7-5680-5522-2
000 01397nam0 2200241 45
001 012001001310
005 20140107185707.0
010    @a978-7-5680-5522-2@dCNY32.00
100    @a20190822d2019 em y0chiy0110 ea
101 0  @achi
102    @aCN@b420000
105    @ay z 000yy
106    @ar
200 1  @a医学机能学实验教程@Ayi xue ji neng xue shi yan jiao cheng@f邱相君,李玉明主编
210    @a武汉@c华中科技大学出版社@d2019
215    @a162页@d26cm
330    @a本书包括机能学实验的基础知识、机能学实验的基本方法、机能学实验和机能学计算机模拟教学实验等内容,共9章。其中实验方法26种(类),机能学实验160多个,机能学计算机模拟教学实验4个。本书根据机能学教学实验的特点和参编学校实验教学改革的经验,重点编纂了机能学实验的基本方法和经典的机能学实验内容;阐明了医学生物学科学研究思维方法、机能学探索性实验及实验研究论文的撰写,以期授人以渔。为了适应目前的机能学实验教学改革,根据编委会的共识,本书编排顺序有了较大变化,以系统门类,删除了生物电子学及相关内容,增加了一些新的实验方法和实验内容,供使用者参考和选用。本书强调基础理论,注重实践。保持了知识性,趣味性,系统性,科学性,可读性和实用性的特点。内容安排有利于促进对学生观察问题、分析问题和自己动手解决问题的综合能力的培养。
606 0  @a实验医学@x医学院校@j教材
690    @aR-33@v5
701  0 @a邱相君@Aqiu xiang jun@4主编
701  0 @a李玉明@Ali yu ming@4主编
801  0 @aCN@b北京卓展@c20191020
905    @b1202556-9@dR-33@e294@f4
    
    医学机能学实验教程/邱相君,李玉明主编.-武汉:华中科技大学出版社,2019
    162页;26cm
    
    
    ISBN 978-7-5680-5522-2:CNY32.00
    本书包括机能学实验的基础知识、机能学实验的基本方法、机能学实验和机能学计算机模拟教学实验等内容,共9章。其中实验方法26种(类),机能学实验160多个,机能学计算机模拟教学实验4个。本书根据机能学教学实验的特点和参编学校实验教学改革的经验,重点编纂了机能学实验的基本方法和经典的机能学实验内容;阐明了医学生物学科学研究思维方法、机能学探索性实验及实验研究论文的撰写,以期授人以渔。为了适应目前的机能学实验教学改革,根据编委会的共识,本书编排顺序有了较大变化,以系统门类,删除了生物电子学及相关内容,增加了一些新的实验方法和实验内容,供使用者参考和选用。本书强调基础理论,注重实践。保持了知识性,趣味性,系统性,科学性,可读性和实用性的特点。内容安排有利于促进对学生观察问题、分析问题和自己动手解决问题的综合能力的培养。
●
相关链接 在E读中查询图书 在五车中查询图书 在当当中查询图书 在豆瓣中查询图书


正题名:医学机能学实验教程     索取号:R-33/294         预约/预借

序号 登录号 条形码 馆藏地/架位号 状态 备注
1 1202556   212025565   第二样本阅览室/ [索取号:R-33/294] 在馆    
2 1202557   212025574   第三借阅区/ [索取号:R-33/294] 在馆    
3 1202558   212025583   第三借阅区/ [索取号:R-33/294] 在馆    
4 1202559   212025592   第三借阅区/ [索取号:R-33/294] 在馆    
唐山师范学院图书馆 欢迎您!
大连网信软件有限公司© 版权所有